WDM technologies / (Record no. 18699)

MARC details
000 -LEADER
fixed length control field 01354cam a22003254a 4500
005 - DATE AND TIME OF LATEST TRANSACTION
control field 20230609120414.0
008 - FIXED-LENGTH DATA ELEMENTS--GENERAL INFORMATION
fixed length control field 020529m20029999ne a b 001 0 eng
010 ## - LIBRARY OF CONGRESS CONTROL NUMBER
LC control number 2002107431
Canceled/invalid LC control number 2002117165
020 ## - INTERNATIONAL STANDARD BOOK NUMBER
ISBN 0122252616 (alk. paper)
035 ## - SYSTEM CONTROL NUMBER
System control number (DLC) 2002107431
040 ## - CATALOGING SOURCE
Original cataloging agency DLC
Transcribing agency DLC
Modifying agency DLC
042 ## - AUTHENTICATION CODE
Authentication code pcc
082 00 - DEWEY DECIMAL CLASSIFICATION NUMBER
Classification number 621.382
Edition number 22
Item number DUT-W
100 ## - MAIN ENTRY--AUTHOR
Author Name Dutta,Achyut K
245 00 - TITLE STATEMENT
Title WDM technologies /
Statement of responsibility, etc. edited by Achyut K. Dutta, Niloy K. Dutta, Masahiko Fujiwara.
260 ## - PUBLICATION, DISTRIBUTION, ETC.
Place of Publication Amsterdam ;
-- Boston :
Name of publisher, distributor, etc. Academic Press,
Date of publication, distribution, etc. c2002-<c2003 >
300 ## - PHYSICAL DESCRIPTION
Pages v. <1-2 > :
504 ## - BIBLIOGRAPHY, ETC. NOTE
Bibliography, etc. note Includes bibliographical references and indexes.
650 #0 - SUBJECT ADDED ENTRY--TOPICAL TERM
Subject / Department Wavelength division multiplexing.
650 #0 - SUBJECT ADDED ENTRY--TOPICAL TERM
Subject / Department Optical communications.
650 #0 - SUBJECT ADDED ENTRY--TOPICAL TERM
Subject / Department Optoelectronic devices.
700 1# - ADDED ENTRY--PERSONAL NAME
Personal name Dutta, Achyut K.
700 1# - ADDED ENTRY--PERSONAL NAME
Personal name Dutta, Niloy K.,
Dates associated with a name 1953-
700 1# - ADDED ENTRY--PERSONAL NAME
Personal name Fujiwara, Masahiko.
300 ## - PHYSICAL DESCRIPTION
-- ill. ;
-- 24 cm.
856 42 -
-- Publisher description
-- http://www.loc.gov/catdir/description/els031/2002107431.html
856 41 -
-- Table of contents
-- http://www.loc.gov/catdir/toc/els031/2002107431.html
906 ## - LOCAL DATA ELEMENT F, LDF (RLIN)
a 7
b cbc
c orignew
d 2
e epcn
f 20
g y-gencatlg
952 ## - LOCATION AND ITEM INFORMATION (KOHA)
-- 0
-- 0
952 ## - LOCATION AND ITEM INFORMATION (KOHA)
-- 0
-- 0
Holdings
Lost status Damaged status Collection code Permanent Location Current Location Shelving Location Date acquired Full Call Number Accession No./Barcode Date last seen Copy number item type Koha item type
    CS/IT Superior Information Resource Center (SIRC) Superior University- Gold Campus Superior Information Resource Center (SIRC) Superior University- Gold Campus Computer Science 06/09/2023 621.382 DUT-W 2002 19297 06/09/2023 1 BOOK BOOK
    CS/IT Superior Information Resource Center (SIRC) Superior University- Gold Campus Superior Information Resource Center (SIRC) Superior University- Gold Campus Computer Science 09/09/2024 621.382 DUT-W 2002 19356 09/09/2024 2 BOOK BOOK

Powered by Koha